Short story index (1950-1954)

Đã lưu trong:
書目詳細資料
格式: 圖書
語言:Undetermined
出版: New York H. W. Wilsen 1956
主題:
標簽: 添加標簽
沒有標簽, 成為第一個標記此記錄!
Thư viện lưu trữ: Trung tâm Học liệu Trường Đại học Cần Thơ
LEADER 00417nam a2200157Ia 4500
001 CTU_25465
008 210402s9999 xx 000 0 und d
082 |a 016.808 
082 |b S559 
245 0 |a Short story index (1950-1954) 
260 |a New York 
260 |b H. W. Wilsen 
260 |c 1956 
650 |a indexes,short stories 
904 |i Minh, 980926 
980 |a Trung tâm Học liệu Trường Đại học Cần Thơ